000 00642nam a22002417a 4500
001 BR4200189
003 BR-BrBNA
005 20230928082917.0
007 ta
008 230509b bl.||||| |||| 00| 0 por d
040 _aBR-BrBNA
_bpor
_cBiblioteca Nacional de Agricultura
041 _a(Por)
072 _aE15
_b/G514
090 _ E15 BR4200189
100 1 _aGama, C.N. da
245 1 _aPenhor rural [credito, agricultura, Brasil]
260 3 _aSao Paulo, SP (Brasil):
_bSaraiva CIA,
_c1942.
300 _a472 p.
650 _aCREDITO AGRICOLA
650 _aCREDITO RURAL
909 _a202309
_bLucia
_c55
_dLucia Elande
942 _cBK
999 _c10570
_d10570